BIBLIOTHÈQUE DE LA MAISON DU MEXIQUE

Logo 1 Logo 2

Corre caballo corre (notice nᵒ 12707)

détails MARC
000 -Sello discográfico
campo de control de longitud fija 01106nam a2200277 4500
005 - Identificación de versión
campo de control 20260325141919.0
010 ## - Número Estándar Internacional de Libros (ISBN)
Número (ISBN) 968-5053-00-7
099 ## - fechas locales
Tipo de ítem Koha LIBRO
100 ## - Datos de procesamiento general
Datos de procesamiento general 20260320d2004 u||y0spay50 ba
101 ## - Idioma del recurso
Idioma del texto, banda sonora, etc. Español; Castellano
105 ## - Campo de datos codificados: Material textual, monográfico
Datos codificados de monografía a 001zy
200 ## - Título y mención de responsabilidad
Título propio Corre caballo corre
Designación general del material texto impreso
Otra información del título imágenes de las colecciones fotográficas de Fundación Televisa
Primer mención de responsabilidad Fundación Televisa
205 ## - Declaración de edición
Declaración de edición 1a ed
210 ## - Publicación, distribución, etc.
Lugar de publicación, distribución, etc. México
Nombre del editor, distribuidor, etc. Fundación Televisa
Fecha de publicación, distribución, etc. 2004
215 ## - Descripción física
Designación de material específico y extensión del ítem 301 p
Otras características físicas il., fotografías
Dimensiones 23 cm
300 ## - Notas generales
Texto de la nota Catálogo de la exposición presentada en el Antiguo Colegio de San Ildelfonso, en la ciudad de México, marzo - julio de 2004 y en el Museo de Arte Contemporáneo de Monterrey, agosto 12-noviembre 15 de 2004
345 ## - Nota de información de adquisición
Fuente de adquisición/dirección de la suscripción [OBSOLETO] Donación
606 ## - Término temático usado como materia
Elemento de entrada Fotografías de caballos
Subdivisión temática Exposiciones
Número Koha 19565
606 ## - Término temático usado como materia
Elemento de entrada Caballos
Subdivisión temática Trotes, marchas, etc.
-- Obras ilustradas
Número Koha 19566
660 ## - Código de área geográfica
Código MX
710 ## - Nombre de entidad corporativa - Responsabilidad primaria
Elemento de entrada Fundación Televisa
Adición al nombre o calificador México
Número Koha 6051
801 ## - Fuente de origen
País FR
Agencia cm
Reglas de catalogación (convenciones descriptivas) AFNOR
942 ## - ELEMENTOS DE ENTRADA SECUNDARIOS (KOHA)
Tipo de ítem Koha Livre
Exemplaires
Estatus retirado Estado de daño Estado de pérdida Fuente de la clasificación o esquema de estantería Fecha de adquisición Biblioteca de origen Biblioteca actual Código de barras Precio de reemplazo Signatura topográfica completa No para préstamo Tipo de ítem Koha Nota no pública
      Clasificación Decimal Dewey 20/03/2026 Casa México Paris Casa México Paris 011302 20/03/2026 779.94 C824   Livre 751145101